Statistics for Countries That Have Signed The Antarctic Treaty

Click here to take the quiz!

General Stats

  • This quiz has been taken 21 times
  • The average score is 41 of 54

Answer Stats

AccessionCountry% Correct
1960United States
100%
1983China
94%
1984Finland
94%
1960France
94%
1979Germany
94%
1960Norway
94%
1960Russia
94%
1984Sweden
94%
1960United Kingdom
94%
1961Australia
88%
1975Brazil
88%
1961Chile
88%
1965Denmark
88%
1960New Zealand
88%
1960Belgium
82%
1983India
82%
1967Netherlands
82%
1961Poland
82%
1971Romania
82%
1960South Africa
82%
1986South Korea
82%
1982Spain
82%
1961Argentina
76%
1988Canada
76%
1993Czech Republic
76%
1984Hungary
76%
1960Japan
76%
1987North Korea
76%
1981Peru
76%
2010Portugal
76%
1990Switzerland
76%
1992Ukraine
76%
1987Austria
71%
1989Colombia
71%
1987Ecuador
71%
2001Estonia
71%
1987Greece
71%
2015Iceland
71%
1981Italy
71%
1993Slovakia
71%
1980Uruguay
71%
1999Venezuela
71%
1978Bulgaria
65%
2011Malaysia
65%
2012Pakistan
65%
2019Slovenia
65%
1996Turkey
65%
2006Belarus
59%
1984Cuba
59%
2015Kazakhstan
53%
1991Guatemala
47%
2015Mongolia
47%
2008Monaco
41%
1981Papua New Guinea
29%

Score Distribution

Percentile by Number Answered

Percent of People with Each Score

Your Score History

You have not taken this quiz